Регионална библиотека "Любен Каравелов" - Русе

Аве Мария (Запис номер 183416)

MARC детайли
000 -Лидер
Контролно поле с фиксирана дължина 01083nam a2200313 c 4500
003 - Код на организацията, давaща контролен номер
Контролно поле BLK
005 - Дата и час на последна редакция
Контролно поле 20220623105416.0
008 - Елементи от данни с фиксирана дължина
fixed length control field 180411b bul|||||r ||||||| ||bul||
010 ## - Наследен системен номер
LC control number KNG00192347000
040 ## - Източник на каталожния запис
Идентификатор на билиотеката - собственик на записа BLK
041 ## - Код за език
Код за езика на текст/звукозапис или на отделно заглавие Български
Код за езика КДБФ Български
080 ## - УДК
Текстов определител УДК Българска литература
УДК код - определител по УДК 821.163.2
УДК определител -31
УДК - код + определител 821.163.2-31
100 1# - Редна дума - Автор
Автор Димитров, Любен
Авторска отговорност първи автор
R(LIN) 366211
139 ## - Редно поле
Редна дума Димитров, Любен и др.
Авторски знак Дими - Д 58
245 10 - Сведения за заглавието
Заглавие Аве Мария
Подзаглавни данни Роман
Редно поле (дума) Любен Димитров; съавт. Елена Янакиева.
250 ## - Област на изданието
Сведения за изданието 2. изд.
257 ## - Страна на издаване
Страна на създаване/издаване България
260 ## - Област на издателските данни
Име на издателя, разпространителя и проч. НС на ОФ
Година на издаване 1969
300 ## - Физическа характеристика
Страници 336 с.
Размери/Мащаб 25 см
380 ## - Жанр
Жанр Худож. лит.
490 ## - СЕРИИ (Колекции)
Име на серия Библиотека за вярващи и невярващи
9 (RLIN) 205950
500 ## - Общи забележки
Забележка 1. изд. 1966. - 14 100 тир.
700 1# - Други автори (авторска отговорност)
Лично име Янакиева, Елена
Автороска отговорност (Описва отношението между автора и произведението) съавт.
9 (RLIN) 343191
852 ## - Местоположение
Форматна сигнатура Цб 51805
856 4# - Електронен адрес и достъп
Електронен формат pdf - файл
856 4# - Електронен адрес и достъп
Електронен формат pdf - файл
999 ## - СИСТЕМНИ КОНТРОЛНИ НОМЕРА
Koha biblionumber 183416
Koha biblioitemnumber 183416
942 ## - АРТИКУЛИ
Вид на библиотечния материал Книги
Скрит в OPAC Не
Периодичен библиозапис Да
944 ## - СЪЗДАВАНЕ И РЕДАКЦИЯ на ЗАПИСА
Създаване/Редакция Създаване
Дата на регистрацията/редакция 11.10.2016
Служител, извършил регистрацията/редакцията Грета_Цуфелде
944 ## - СЪЗДАВАНЕ И РЕДАКЦИЯ на ЗАПИСА
Създаване/Редакция Редакция
Дата на регистрацията/редакция 11.10.2016
Служител, извършил регистрацията/редакцията Грета_Цуфелде
999 ## - СИСТЕМНИ КОНТРОЛНИ НОМЕРА
Koha biblioitemnumber 183416
Наличности
Код за отписване Код за изгубен артикул Източник на класификационната схема Код за повреда Коз за рестрикции Код за отдаване Артикулен № Име на библиотеката - собственик Име на библиотеката, в която се намира в момента Статус (Текущо местоположение) Дата на вписване в системата Местоположение - отдел Цена в лева Инвентарен номер Систематично азбучна сигнатура Баркод Номер на екземпляра Цена в евро Служебна бележка Служебен тип на артикула Бележка за публиката
  Не е изгубен Universal Decimal Classification Не е повреден без рестрикции ползва се в читалня 316279 Регионална библиотека "Любен Каравелов" Русе Регионална библиотека "Любен Каравелов" Русе Хранилище 1969-01-01 Хранилище 1.46 64106 Цб 51805 120000064106 1 0.75 N: стар фонд Дата: 01.01.1969 Книги  
Изтеглен Не е изгубен   Не е повреден без рестрикции заемане за дома 316280 Регионална библиотека "Любен Каравелов" Русе Регионална библиотека "Любен Каравелов" Русе   1969-01-01 Заемна - подръчен фонд 1.46 66877 П 886.7/Д 58 66877 2 0.75 N: стар фонд Дата: 01.01.1969 Книги Отч.N: 18/18 , Дата: 22.03.2018
Изтеглен Не е изгубен   Не е повреден без рестрикции заемане за дома 316281 Регионална библиотека "Любен Каравелов" Русе Регионална библиотека "Любен Каравелов" Русе   1969-01-01 Заемна - подръчен фонд 1.46 66880 П 886.7/Д 58 66880 3 0.75 N: стар фонд Дата: 01.01.1969 Книги Отч.N: 18/18 , Дата: 22.03.2018
Изтеглен Не е изгубен   Не е повреден без рестрикции заемане за дома 316282 Регионална библиотека "Любен Каравелов" Русе Регионална библиотека "Любен Каравелов" Русе   1969-01-01 Заемна - подръчен фонд 1.46 66881 П 886.7/Д 58 66881 4 0.75 N: стар фонд Дата: 01.01.1969 Книги Отч.N: 18/18 , Дата: 22.03.2018
Vip Innovations Ltd, Rousse, Bulgaria 2025